Steam at work : (Record no. 70781)
[ view plain ]
| 000 -LEADER | |
|---|---|
| fixed length control field | 01120cam a2200277 i 4500 |
| 001 - CONTROL NUMBER | |
| control field | 4160910 |
| 003 - CONTROL NUMBER IDENTIFIER | |
| control field | NUST - PNEC |
| 005 - DATE AND TIME OF LATEST TRANSACTION | |
| control field | 20170116181147.0 |
| 008 - FIXED-LENGTH DATA ELEMENTS--GENERAL INFORMATION | |
| fixed length control field | 780822s1977 enka b 100 0 eng |
| 010 ## - LIBRARY OF CONGRESS CONTROL NUMBER | |
| LC control number | 78311693 |
| 015 ## - NATIONAL BIBLIOGRAPHY NUMBER | |
| National bibliography number | GB*** |
| 020 ## - INTERNATIONAL STANDARD BOOK NUMBER | |
| International Standard Book Number | 0852983700 |
| Terms of availability | £17.00 |
| 040 ## - CATALOGING SOURCE | |
| Transcribing agency | LIBRARY |
| 050 00 - LIBRARY OF CONGRESS CALL NUMBER | |
| Classification number | TJ275 |
| Item number | .S823 |
| 082 00 - DEWEY DECIMAL CLASSIFICATION NUMBER | |
| Classification number | 621.1 STE |
| 100 ## - MAIN ENTRY--PERSONAL NAME | |
| 9 (RLIN) | 15135 |
| Personal name | Group Steam Plant |
| 245 00 - TITLE STATEMENT | |
| Title | Steam at work : |
| Remainder of title | industrial and marine steam plant : convention / |
| Statement of responsibility, etc. | sponsored by the Steam Plant Group of the Institution of Mechanical Engineers, Royal Naval Engineering College, Manadon, Plymouth, 10-12 May, 1977. |
| 260 ## - PUBLICATION, DISTRIBUTION, ETC. | |
| Place of publication, distribution, etc. | London ; |
| -- | New York : |
| Name of publisher, distributor, etc. | Mechnical Engineering Publications for the Institution of Mechanical Engineers, |
| Date of publication, distribution, etc. | 1977. |
| 300 ## - PHYSICAL DESCRIPTION | |
| Extent | 152 p. : |
| Other physical details | ill. ; |
| Dimensions | 31 cm. |
| 490 1# - SERIES STATEMENT | |
| Series statement | I. Mech. E. conference publications ; 1977-3 |
| 504 ## - BIBLIOGRAPHY, ETC. NOTE | |
| Bibliography, etc. note | Includes bibliographical references. |
| 650 #0 - SUBJECT ADDED ENTRY--TOPICAL TERM | |
| Topical term or geographic name entry element | Steam engineering |
| General subdivision | Congresses. |
| 710 2# - ADDED ENTRY--CORPORATE NAME | |
| Corporate name or jurisdiction name as entry element | Institution of Mechanical Engineers (Great Britain). |
| Subordinate unit | Steam Plant Group. |
| 830 #0 - SERIES ADDED ENTRY--UNIFORM TITLE | |
| Uniform title | I Mech E conference publications ; |
| Volume/sequential designation | 1977-3. |
| 942 ## - ADDED ENTRY ELEMENTS (KOHA) | |
| Source of classification or shelving scheme | |
| Koha item type | Book |
| Withdrawn status | Lost status | Source of classification or shelving scheme | Damaged status | Not for loan | Permanent Location | Current Location | Shelving location | Date acquired | Total Checkouts | Full call number | Barcode | Date last seen | Price effective from | Koha item type |
|---|---|---|---|---|---|---|---|---|---|---|---|---|---|---|
| Pakistan Navy Engineering College (PNEC) | Pakistan Navy Engineering College (PNEC) | 10/13/2015 | 621.1 STE | PNECLIB-008681 | 10/13/2015 | Book |
